000 00582nam a2200193Ia 4500
005 20250508164840.0
008 008 250505s9999 xx 000 0 eng d
037 _aDissertations
040 _aFEDL
_beng
_cFEDL
041 _aeng
_2eng
084 _a371.2, THA/DI
_qFEDL
100 _aThakral Shilpa
_9779295
245 0 _aAnalysis of the factors, problems, suggestions for effective team work in schools
260 _c2008
300 _a89p.
546 _aM.Ed. Dissertation, (Delhi University)
942 _cDIS
_h371.2, THA/DI
999 _c1391562
_d1391562